All 2026 IMSA Drivers - Statistics

General Stats
  • This quiz has been taken 28 times
  • The average score is 104 of 239
Answer Stats
Nation Class Team Manufacturer Number Driver % Correct
UK GTP Cadillac Whelen Cadillac 31 Jack Aitken
100%
Belgium GTP BMW M Team WRT BMW 24 Dries Vanthoor
80%
Brazil GTP Porsche Penske Motorsport Porsche 7 Felipe Nasr
80%
UK GTP Pro AO Racing Porsche 77 Harry King
80%
UK GTD AO Racing Porsche 177 Harry King
80%
USA GTP Cadillac Wayne Taylor Racing Cadillac 40 Jordan Taylor
80%
Andorra GTP Pro Bartone Bros with GetSpeed Mercedes 69 Jules Gounon
80%
France GTP Porsche Penske Motorsport Porsche 7 Julian Andlauer
80%
Denmark GTP BMW M Team WRT BMW 25 Kevin Magnussen
80%
Belgium GTP Porsche Penske Motorsport Porsche 6 Laurens Vanthoor
80%
Germany GTP JDC-Miller MotorSports Porsche 5 Laurin Heinrich
80%
Germany GTP Porsche Penske Motorsport Porsche 7 Laurin Heinrich
80%
Austria GTD Winward Racing Mercedes 57 Lucas Auer
80%
UK GTP Pro AO Racing Porsche 77 Nick Tandy
80%
Chile GTP JDC-Miller MotorSports Porsche 5 Nico Pino
80%
The Netherlands GTP Acura Meyer Shank Racing with Curb-Agajanian Acura 93 Renger Van der Zande
80%
USA GTP Cadillac Wayne Taylor Racing Cadillac 10 Ricky Taylor
80%
USA GTD Van der Steur Racing Aston Martin 19 Rory Van der Steur
80%
The Netherlands GTP JDC-Miller MotorSports Porsche 5 Tijmen Van der Helm
80%
UK GTP Pro Corvette Racing by Pratt Miller Motorsports Corvette 3 Alexander Sims
60%
Italy GTD AF Corse USA Ferrari 21 Antonio Fuoco
60%
Turkey GTP Pro Manthey Racing Porsche 911 Ayhancan Guven
60%
Canada LMP2 Pratt Miller Motorsports Oreca 73 Chris Cumming
60%
USA LMP2 AO Racing Oreca 99 Dane Cameron
60%
Brazil GTD Heart of Racing Team Aston Martin 27 Eduardo Barrichello
60%
Germany GTP Pro Bartone Bros with GetSpeed Mercedes 69 Fabian Schiller
60%
Belgium GTP Pro Ford Racing Ford 65 Frédéric Vervisch
60%
Denmark GTP Cadillac Whelen Cadillac 31 Frederik Vesti
60%
UK GTP Pro Vasser Sullivan Racing Lexus 14 Jack Hawksworth
60%
UK GTD Vasser Sullivan Racing Lexus 89 Jack Hawksworth
60%
USA GTP Pro Winward Racing Mercedes 48 Jason Hart
60%
The Netherlands LMP2 Intersport Racing Oreca 37 Job van Uitert
60%
Estonia GTP Pro RLL Team Mclaren Mclaren 59 Juri Vips
60%
France GTP Porsche Penske Motorsport Porsche 6 Kévin Estre
60%
The Netherlands GTD Lone Star Racing Mercedes 80 Lin Hodenius
60%
USA LMP2 Era Motorsport Oreca 18 Logan Sargeant
60%
Germany GTP Pro Winward Racing Mercedes 48 Luca Stolz
60%
USA GTD Magnus Racing Aston Martin 44 Madison Snow
60%
Germany GTP Pro 75 Express Mercedes 75 Maro Engel
60%
Australia GTP Porsche Penske Motorsport Porsche 6 Matt Campbell
60%
Belgium GTP Pro Winward Racing Mercedes 48 Maxime Martin
60%
Italy GTP Pro Pfaff Motorsports Lamborghini 9 Mirko Bortolotti
60%
The Netherlands GTP Pro Corvette Racing by Pratt Miller Motorsports Corvette 4 Nicky Catsburg
60%
USA GTP Pro RLL Team Mclaren Mclaren 59 Nikita Johnson
60%
USA GTD Triarsi Competizione Ferrari 023 Onofrio Triarsi
60%
UK LMP2 United Autosports USA Oreca 22 Paul di Resta
60%
Austria GTP BMW M Team WRT BMW 25 Philipp Eng
60%
USA LMP2 AO Racing Oreca 99 P.J. Hyett
60%
Canada GTD DXDT Racing Corvette 36 Robert Wickens
60%
The Netherlands GTP BMW M Team WRT BMW 24 Robin Frijns
60%
France GTD Myers Riley Motorsports Ford 16 Romain Grosjean
60%
UK GTP Aston Martin THOR Team Aston Martin 23 Ross Gunn
60%
USA GTD Winward Racing Mercedes 57 Russell Ward
60%
New Zealand GTP Acura Meyer Shank Racing with Curb-Agajanian Acura 60 Scott Dixon
60%
France LMP2 Tower Motorsports Oreca 8 Sébastien Bourdais
60%
South Africa GTP BMW M Team WRT BMW 24 Sheldon Van der Linde
60%
USA GTD AF Corse USA Ferrari 21 Simon Mann
60%
Austria GTP Pro Manthey Racing Porsche 911 Thomas Preining
60%
UK GTP Acura Meyer Shank Racing with Curb-Agajanian Acura 60 Tom Blomqvist
60%
USA GTP Pro Corvette Racing by Pratt Miller Motorsports Corvette 4 Tommy Milner
60%
China GTD Triarsi Competizione Ferrari 023 Yifei Ye
60%
USA GTD Vasser Sullivan Racing Lexus 12 Aaron Telitz
40%
USA GTD Wright Motorsports Porsche 120 Adam Adelson
40%
USA GTP Acura Meyer Shank Racing with Curb-Agajanian Acura 60 A.J. Allmendinger
40%
Italy GTP Pro Risi Competizione Ferrari 62 Alessandro Pier Guidi
40%
Belgium GTP Pro AO Racing Porsche 77 Alessio Picariello
40%
Spain GTP Pro Triarsi Competizione Ferrari 033 Alessio Rovera
40%
Spain GTP Acura Meyer Shank Racing with Curb-Agajanian Acura 93 Alex Palou
40%
Spain GTP Aston Martin THOR Team Aston Martin 23 Alex Riberas
40%
Italy GTP Pro Pfaff Motorsports Lamborghini 9 Andrea Caldarelli
40%
Italy GTD Pfaff Motorsports Lamborghini 46 Andrea Caldarelli
40%
USA GTP Pro Bartone Bros with GetSpeed Mercedes 69 Anthony Bartone
40%
Portugal LMP2 Inter Europol Competition Oreca 37 Antonio Félix Da Costa
40%
Spain GTP Pro Corvette Racing by Pratt Miller Motorsports Corvette 3 Antonio Garcia
40%
UK GTP Pro Ford Racing Ford 64 Ben Barker
40%
UK GTP Pro Vasser Sullivan Racing Lexus 14 Ben Barnicoat
40%
UK GTD 13 Autosport Corvette 13 Ben Green
40%
Denmark GTD Vasser Sullivan Racing Lexus 12 Benjamin Pedersen
40%
USA LMP2 Inter Europol Competition Oreca 37 Bijoy Garg
40%
USA GTD Inception Racing Ferrari 70 Brendan Iribe
40%
UK GTD Wright Motorsports Porsche 120 Callum Ilott
40%
Thailand GTD Van der Steur Racing Aston Martin 19 Carl Bennett
40%
France LMP2 TDS Racing Oreca 11 Charles Milesi
40%
Ireland GTD DXDT Racing Corvette 36 Charlie Eastwood
40%
Australia GTP Pro 75 Express Mercedes 75 Chaz Moster
40%
Denmark LMP2 AO Racing Oreca 99 Christian Rasmussen
40%
Germany GTP Pro Ford Racing Ford 65 Christopher Mies
40%
USA GTP Acura Meyer Shank Racing with Curb-Agajanian Acura 60 Colin Braun
40%
USA GTP Cadillac Wayne Taylor Racing Cadillac 40 Colton Herta
40%
USA GTP Pro Paul Miller Racing BMW 1 Connor De Philippi
40%
USA GTP Cadillac Whelen Cadillac 31 Connor Zilisch
40%
USA GTD Gradient Racing Ford 66 Corey Lewis
40%
USA LMP2 United Autosports USA Oreca 22 Dan Goldburg
40%
UK GTP Pro Paul Miller Racing BMW 1 Dan Harper
40%
Brazil GTP Pro Risi Competizione Ferrari 62 Daniel Serra
40%
Costa Rica GTD Wayne Taylor Racing Lamborghini 45 Danny Formal
40%
USA GTD Muhlner Motorsport Porsche 123 Dave Musial
40%
USA GTD Muhlner Motorsport Porsche 123 Dave Musial Jr.
40%
Italy GTP Pro Risi Competizione Ferrari 62 Davide Rigon
40%
Denmark LMP2 TDS Racing Oreca 11 David Heinemeier Hansson
40%
UK GTP Pro RLL Team Mclaren Mclaren 59 Dean MacDonald
40%
Norway GTP Pro Ford Racing Ford 64 Dennis Olsen
40%
New Zealand GTP Cadillac Whelen Cadillac 31 Earl Bamber
40%
USA GTD Wright Motorsports Porsche 120 Elliott Skeer
40%
Brazil LMP2 Pratt Miller Motorsports Oreca 73 Enzo Fittipaldi
40%
France GTD Vasser Sullivan Racing Lexus 12 Esteban Masson
40%
Portugal GTP Cadillac Wayne Taylor Racing Cadillac 10 Filipe Albuquerque
40%
France GTP Pro Pfaff Motorsports Lamborghini 9 Franck Perera
40%
France LMP2 AF Corse USA Oreca 83 François Perrodo
40%
USA GTD Vasser Sullivan Racing Lexus 12/89 Frankie Montecalvo
40%
Denmark GTD Inception Racing Ferrari 70 Frederik Schandorff
40%
USA LMP2 Crowdstrike Racing by APR Oreca 04 George Kurtz
40%
Italy GTD DragonSpeed Corvette 81 Giacomo Altoè
40%
Switzerland LMP2 United Autosports USA Oreca 22 Grégoire Saucy
40%
Sweden GTD DragonSpeed Corvette 81 Henrik Hedman
40%
New Zealand LMP2 United Autosports USA Oreca 2 Hunter McElrea
40%
The Netherlands GTD Winward Racing Mercedes 57 Indy Dontje
40%
USA GTD Gradient Racing Ford 66 Jake Walker
40%
UK GTP Pro Triarsi Competizione Ferrari 033 James Calado
40%
Canada GTP Pro Pfaff Motorsports Lamborghini 9 James Hinchcliffe
40%
Belgium GTD RS1 Porsche 28 Jay Heylen
40%
Germany GTD Turner Motorsport BMW 96 Jens Klingmann
40%
USA GTD Gradient Racing Ford 66 Joey Hand
40%
Canada LMP2 Tower Motorsports Oreca 8 John Farano
40%
USA GTD Magnus Racing Aston Martin 44 John Potter
40%
USA LMP2 Intersport Racing Oreca 37 Jon Field
40%
Japan GTP Acura Meyer Shank Racing with Curb-Agajanian Acura 93 Kakunoshin Ohta
40%
USA GTP JDC-Miller MotorSports Porsche 5 Kaylen Frederick
40%
Australia GTP Pro 75 Express Mercedes 75 Kenny Habul
40%
USA GTD Triarsi Competizione Ferrari 023 Kenton Koch
40%
Austria GTP Pro Manthey Racing Porsche 911 Klaus Bachler
40%
Cayman Island LMP2 Tower Motorsports Oreca 8 Kyffin Simpson
40%
USA GTP Pro Vasser Sullivan Racing Lexus 14 Kyle Kirkwood
40%
Germany GTD 13 Autosport Corvette 13 Lars Kern
40%
France GTD AF Corse USA Ferrari 21 Lilou Wadoux
40%
Switzerand GTP Cadillac Wayne Taylor Racing Cadillac 40 Louis Deletraz
40%
Denmark LMP2 Crowdstrike Racing by APR Oreca 04 Malthe Jakobsen
40%
USA GTD Conquest Racing Ferrari 34 Manny Franco
40%
Portugal LMP2 Pratt Miller Motorsports Oreca 73 Manuel Espirito Santo
40%
Denmark GTP Aston Martin THOR Team Aston Martin 23 Marco Sorensen
40%
Germany GTP BMW M Team WRT BMW 25 Marco Wittmann
40%
Sweden GTD Wayne Taylor Racing Lamborghini 45 Marcus Ericsson
40%
Germany GTP Pro Corvette Racing by Pratt Miller Motorsports Corvette 3 Marvin Kirchofer
40%
USA GTD DXDT Racing Corvette 36 Mason Filippi
40%
UK GTD 13 Autosport Corvette 13 Matt Bell
40%
Italy GTD DragonSpeed Corvette 81 Matteo Cairoli
40%
Italy GTD Heart of Racing Team Aston Martin 27 Mattia Drudi
40%
USA GTP Pro RLL Team Mclaren Mclaren 59 Max Esterson
40%
Germany GTP Pro Paul Miller Racing BMW 1 Max Hesse
40%
Germany GTP Pro Bartone Bros with GetSpeed Mercedes 69 Maximilian Gotz
40%
Germany GTP Pro Ford Racing Ford 64 Mike Rockenfeller
40%
Denmark LMP2 United Autosports USA Oreca 2 Mikkel Jensen
40%
Denmark GTD AO Racing Porsche 177 Mikkel Overgaard Pedersen
40%
USA LMP2 Era Motorsport Oreca 18 Naveen Rao
40%
USA GTP Pro Paul Miller Racing BMW 1 Neil Verhagen
40%
New Zealand LMP2 Inter Europol Competition Oreca 343 Nick Cassidy
40%
Denmark GTD Magnus Racing Aston Martin 44 Nicki Thiim
40%
Denmark LMP2 AF Corse USA Oreca 83 Nicklas Nielsen
40%
UK GTP Acura Meyer Shank Racing with Curb-Agajanian Acura 93 Nick Yelloly
40%
Argentina GTP Pro Corvette Racing by Pratt Miller Motorsports Corvette 4 Nico Varrone
40%
UK LMP2 Intersport Racing Oreca 37 Oliver Jarvis
40%
Canada GTD 13 Autosport Corvette 13 Orey Fidani
40%
Canada LMP2 Bryan Herta Autosport with PR1/Mathiasen Oreca 52 Parker Thompson
40%
USA GTD Turner Motorsport BMW 96 Patrick Gallagher
40%
Switzerland GTD Winward Racing Mercedes 57 Philip Ellis
40%
Brazil LMP2 Pratt Miller Motorsports Oreca 73 Pietro Fittipaldi
40%
Switzerland GTP BMW M Team WRT BMW 25 Raffaele Marciello
40%
Estonia GTD Lone Star Racing Mercedes 80 Ralf Aron
40%
Sweden LMP2 United Autosports USA Oreca 22 Rasmus Lindh
40%
Germany GTP BMW M Team WRT BMW 24 René Rast
40%
Switzerland GTP Pro Manthey Racing Porsche 911 Ricardo Feller
40%
Italy GTD Manthey 1st Phorm Porsche 912 Riccardo Pera
40%
Austria GTD Manthey 1st Phorm Porsche 912 Richard Lietz
40%
USA GTD Turner Motorsport BMW 96 Robby Foley
40%
Canada GTP Aston Martin THOR Team Aston Martin 23 Roman De Angelis
40%
USA GTD Manthey 1st Phorm Porsche 912 Ryan Hardwick
40%
New Zealand GTD Muhlner Motorsport Porsche 123 Ryan Yardley
40%
Turkey GTD DXDT Racing Corvette 36 Salih Yoluc
40%
UK GTP Pro Pfaff Motorsports Lamborghini 9 Sandy Mitchell
40%
Australia GTD Van der Steur Racing Aston Martin 19 Scott Andrews
40%
Australia GTD Lone Star Racing Mercedes 80 Scott Andrews
40%
New Zealand GTD DXDT Racing Corvette 36 Scott McLaughlin
40%
USA GTP Pro Winward Racing Mercedes 48 Scott Noble
40%
Mexico LMP2 Tower Motorsports Oreca 8 Sebastian Alvarez
40%
USA GTD Myers Riley Motorsports Ford 16 Sheena Monk
40%
USA GTD Heart of Racing Team/RS1/Magnus Racing Aston Martin/Porsche 27/28/44 Spencer Pumpelly
40%
Germany GTD RS1 Porsche 28 Sven Muller
40%
The Netherlands GTD Conquest Racing Ferrari 34 Thierry Vermuelen
40%
UK GTD Gradient Racing Ford 66 Till Bechtolsheimer
40%
Canada LMP2 TDS Racing Oreca 11 Tobias Lutke
40%
UK LMP2 Crowdstrike Racing by APR Oreca 04 Toby Sowery
40%
UK GTD Heart of Racing Team Aston Martin 27 Tom Gamble
40%
Italy GTD AF Corse USA Ferrari 21 Tommaso Mosca
40%
Australia GTD Wright Motorsports Porsche 120 Tom Sargent
40%
France GTD Van der Steur Racing Aston Martin 19 Valentin Hasse-Clot
40%
Australia GTP Pro 75 Express Mercedes 75 Will Power
40%
UK GTP Cadillac Wayne Taylor Racing Cadillac 10 Will Stevens
40%
Canada GTD Heart of Racing Team Aston Martin 27 Zacharie Robichon
40%
Spain GTD Conquest Racing Ferrari 34 Albert Costa
20%
UK LMP2 Crowdstrike Racing by APR Oreca 04 Alex Quinn
20%
UK LMP2 United Autosports USA Oreca 2 Ben Hanley
20%
USA LMP2 Bryan Herta Autosport with PR1/Mathiasen Oreca 52 Ben Keating
20%
UK GTD DragonSpeed Corvette 81 Casper Stevenson
20%
Italy GTD Inception Racing Ferrari 70 David Fumanelli
20%
USA GTD RS1 Porsche 28 Dillon Machavern
20%
USA LMP2 AF Corse USA Oreca 83 Dylan Murry
20%
USA GTD RS1 Porsche 28 Eric Zitza
20%
Brazil GTD Myers Riley Motorsports Ford 16 Felipe Fraga
20%
Austria LMP2 Era Motorsport Oreca 18 Ferdinand Habsburg
20%
USA GTD Turner Motorsport BMW 96 Francis Selldorff
20%
Greece LMP2 Inter Europol Competition Oreca 343 Georgios Kolovos
20%
USA LMP2 JDC-Miller MotorSports Oreca 79 Gerry Kraut
20%
USA GTD Wayne Taylor Racing Lamborghini 45 Graham Doyle
20%
UK LMP2 Bryan Herta Autosport with PR1/Mathiasen Oreca 52 Harry Tincknell
20%
USA LMP2 Era Motorsport Oreca 18 Jacob Abel
20%
USA LMP2 Inter Europol Competition Oreca 343 Jakub Smiechowski
20%
Ireland GTD Lone Star Racing Mercedes 80 James Roe
20%
USA GTD Myers Riley Motorsports Ford 16 Jenson Altzman
20%
USA LMP2 Inter Europol Competition Oreca 37 Jeremy Clarke
20%
UK LMP2 AO Racing Oreca 99 Jonny Edgar
20%
Australia LMP2 JDC-Miller MotorSports Oreca 79 Josh Burdon
20%
Italy GTD Conquest Racing Ferrari 34 Lorenzo Patrese
20%
Switzerland LMP2 TDS Racing Oreca 11 Mathias Beche
20%
France LMP2 AF Corse USA Oreca 83 Mathieu Vaxiviere
20%
Canada LMP2 Bryan Herta Autosport with PR1/Mathiasen Oreca 52 Misha Goikhberg
20%
The Netherlands GTD Manthey 1st Phorm Porsche 912 Morris Schuring
20%
UK GTD Inception Racing Ferrari 70 Ollie Millroy
20%
USA GTD Muhlner Motorsport Porsche 123 Peter Ludwig
20%
Canada LMP2 United Autosports USA Oreca 2 Phil Fayer
20%
Italy GTP Pro Triarsi Competizione Ferrari 033 Riccardo Agostini
20%
USA GTD Triarsi Competizione Ferrari 023 Robert Megennis
20%
UK GTP Pro Ford Racing Ford 65 Sebastian Priaulx
20%
France GTD Van der Steur Racing Aston Martin 19 Sébastien Baud
20%
UK LMP2 JDC-Miller MotorSports Oreca 79 Sennan Fielding
20%
USA LMP2 Intersport Racing Oreca 37 Seth Lucas
20%
France LMP2 Inter Europol Competition Oreca 37 Tom Dillmann
20%
USA GTD Wayne Taylor Racing Lamborghini 45 Trent Hindman
20%
France LMP2 Tower Motorsports Oreca 8 Tristan Vautier
20%
Canada GTD Pfaff Motorsports Lamborghini 46 Zachary Vanier
20%
No matching quizzes found
Score Distribution
Percent of People with Each Score
Percentile by Number Answered
Your Score History
You have not taken this quiz